[Event "UKR-ch"]
[Site "Ordzhonikidze"]
[Date "2001.09.15"]
[Round "8"]
[White "Malaniuk, Vladimir P"]
[Black "Fedorchuk, Sergey A"]
[Result "1-0"]
[WhiteElo "2516"]
[BlackElo "2490"]
[Annotator "Ftacnik,L"]
[PlyCount "79"]
[EventDate "2001.09.08"]
[EventType "swiss"]
[EventRounds "9"]
[EventCountry "UKR"]
[SourceTitle "CBM 086"]
[Source "ChessBase"]
[SourceDate "2002.02.05"]
[SourceVersion "1"]
[SourceVersionDate "2002.02.05"]
[SourceQuality "1"]

1. d4 Nf6 2. Nf3 e6 3. c4 Bb4+ 4. Bd2 Qe7 5. g3 Nc6 6. Nc3 Bxc3 7. Bxc3 Ne4 8.
Rc1 Nxc3 9. Rxc3 d6 10. Bg2 O-O 11. d5 Nb8 12. dxe6 fxe6 13. Nd4 e5 14. Nc2 Nc6
$6 {The knight would serve the better purpose of controlling d5 square from f6
square after Nd7-f6.} (14... Na6 15. Ne3 c6 16. Rd3 Rf6 17. Rd2 Bd7 18. O-O
Raf8 19. b4 Nc7 20. b5 {1-0 Magerramov,E-Gipslis,A/Moscow/1992/ (41)}) (14...
Nd7 15. b4 (15. O-O Nf6 16. Ne3 c6 (16... Rb8 17. Qa4 a6 18. c5 Be6 19. cxd6
cxd6 20. Qb4 Ne8 21. Nc4 {1-0 Tukmakov,V-Zucchelli,M/Arco 2000/ (27)}) 17. Rd3
Rd8 18. Qd2 (18. Qa4 Be6 19. Rfd1 Rd7 20. Qa3 Rad8 21. R3d2 a6 22. Qb4 Qf8 {
0-1 Zhu Chen-Naiditsch,A/Pulvermuehle/2000/ (68)}) 18... Be6 19. Rd1 Ne8 20.
Qa5 (20. b4 Rac8 (20... Rd7 21. b5 cxb5 22. cxb5 Rc8 23. Qa5 Qd8 {1/2-1/2
Tkachiev,V-Adams,M/Cannes 2001/ (57)}) 21. b5 cxb5 22. cxb5 Rc5 23. Qb4 {
1-0 Horvath,C-Sulc,D/Pula 1998/ (39)}) 20... a6 21. R3d2 Rd7 22. b4 Qd8 23. Qa3
Nf6 24. Qb2 Qc7 {1/2-1/2 Atalik,S-Ravia,M/Hania 1994/ (45)}) 15... a5 16. a3
axb4 17. axb4 Nf6 18. O-O (18. e4 Bg4 19. Qb1 Qf7 20. O-O Be2 21. Rc1 Ne8 22.
f3 Bxc4 23. Ne3 Bb5 24. Bf1 Bxf1 25. Rxf1 {1/2-1/2 Benjamin,J-Adams,M/
Amsterdam 1994/ (42)}) 18... c6 19. e4 Be6 20. Ne3 Ra2 21. Rd3 Rfa8 22. Rxd6
Ne8 23. Rd2 Qxb4 24. Rxa2 Rxa2 25. Qh5 g6 26. Qxe5 Qd6 {1/2-1/2 Tukmakov,
V-Adams,M/Groningen/1993/ (48)}) 15. O-O Be6 (15... a5 $5 16. Ne3 (16. a3 a4
17. Nb4 Nxb4 18. axb4 Be6 19. e3 $13) 16... Be6 17. Nd5 Qd7 18. e3 Rae8) 16. b4
$1 a6 (16... a5 17. b5 Nb4 18. Bxb7 Rab8 19. Bg2 Nxa2 20. Ra3 Nb4 (20... Bxc4
21. Ne3 Be6 22. Nd5 $16) 21. Rxa5 Nxc2 22. Qxc2 $16) 17. b5 Nd8 (17... axb5 18.
cxb5 Nd8 19. Nb4 Qd7 20. a4 $14) 18. Nb4 axb5 (18... a5 19. Nd5 $14) 19. cxb5
Kh8 20. a4 Qd7 21. Qc2 Rc8 22. Rc1 {[%mdl 32] The pressure against c7 square
is very unplesant for the defender.} Qf7 (22... Rf7 23. Be4 $1 g6 24. Nd5 $14)
23. Rf3 (23. Nd3 c5 24. bxc6 bxc6 25. Bxc6 Bf5 $1 26. Qd2 Nxc6 27. Rxc6 Rxc6
28. Rxc6 Qd5 $14) 23... Qg8 24. Qd3 (24. Rxf8 Qxf8 25. a5 Qe8 26. Qd3 Bd7 27.
b6 c5 28. Nd5 Nc6 29. Nc7 $14) 24... Ra8 (24... Rxf3 25. Bxf3 b6 26. Nd5 $14)
25. Rxf8 Qxf8 26. Nd5 (26. Rxc7 Rxa4 27. Nc2 Bf5 $14) 26... Rxa4 (26... c6 27.
Nb6 Ra7 28. Rd1 d5 29. Qe3 $16) 27. Nxc7 Bg8 (27... Rd4 28. Nxe6 Nxe6 29. Qf3
$1 $16) 28. h4 Rd4 29. Qa3 Bc4 (29... Rd2 30. Qe3 Rb2 31. Qd3 $14) 30. Qb2 Bg8
31. e3 Ra4 32. Ra1 Rc4 $6 (32... Rxa1+ 33. Qxa1 Qe7 34. b6 Qd7 35. Nd5 $14) 33.
b6 Nc6 $2 {Rather symbollicaly this hasty time trouble mistake reproduces the
innaccuracy from the opening's 14th move.} (33... Qf5 34. e4 Qg4 35. Ra8 Qd1+
36. Kh2 Rc2 37. Qb5 Rxf2 38. Rxd8 Qf3 39. Rxg8+ Kxg8 40. Qe8+ Qf8 41. Qe6+ Kh8
42. Nd5 $16) 34. Ra8 Nd8 (34... Rb4 35. Qxb4 Qxa8 36. Bxc6 Qa1+ 37. Kg2 bxc6
38. b7 $18) 35. Bxb7 d5 (35... Qe7 36. Bd5 $18) 36. Bxd5 Rb4 37. Rxd8 $1 Qxd8
38. Qxb4 Bxd5 39. Nxd5 (39. Qd2 $18) 39... Qxd5 40. Qf8+ (40. Qf8+ Qg8 41.
Qxg8+ Kxg8 42. b7 $18) 1-0

[Event "Tilburg Fontys"]
[Site "Tilburg"]
[Date "1997.10.04"]
[Round "7"]
[White "Lautier, Joel"]
[Black "Shaked, Tal"]
[Result "1-0"]
[WhiteElo "2660"]
[BlackElo "2500"]
[Annotator "Ftacnik,L"]
[PlyCount "69"]
[EventDate "1997.09.27"]
[EventType "tourn"]
[EventRounds "11"]
[EventCountry "NED"]
[EventCategory "17"]
[SourceTitle "CBM 061"]
[Source "ChessBase"]
[SourceDate "1997.11.23"]
[SourceVersion "1"]
[SourceVersionDate "1997.11.23"]
[SourceQuality "1"]

1. d4 Nf6 2. c4 e6 3. Nf3 Bb4+ 4. Bd2 Qe7 5. g3 Nc6 6. Bg2 Bxd2+ 7. Nbxd2 d6 8.
O-O a5 9. e4 e5 10. d5 Nb8 11. Qb3 (11. Qc2 c5 (11... b6 12. Qc3 O-O 13. Ne1
Nbd7 14. Nd3 Nc5 15. Nxc5 bxc5 16. f4 Re8 17. Rae1 a4 18. Nf3 Nh5 19. fxe5 dxe5
20. Re3 Bg4 21. Ne1 {Van der Sterren,P-Van Scheltinga,T/NLD-ch Hilversum 1983/
1/2-1/2 (46)}) 12. Nh4 (12. Ne1 h5 13. h4 Ng4 14. Qc3 g5 15. f3 Nh6 16. hxg5
Qxg5 17. f4 Qg7 18. fxe5 dxe5 19. Nef3 Nd7 20. Nh4 Rg8 21. Rf3 Nf8 22. Qb3 {
1-0 Rivas Pastor,M-Garcia Martinez,S/Havana-B 1983/(29)}) 12... g5 13. Nf5 Bxf5
14. exf5 O-O 15. Rae1 Nbd7 16. f4 gxf4 17. Rxf4 Kh8 18. Rh4 Rg8 19. Kh1 Rg7 20.
Be4 Rag8 21. Qd3 Rg5 {Szabados,E-Mueller,H/Venice 1950/1/2-1/2 (53)}) (11. Nh4
O-O 12. Qc2 Na6 13. Rae1 Re8 14. Nb3 b6 15. Nc1 Bd7 16. b3 Reb8 17. a4 Re8 18.
Ne2 Nc5 19. Nc3 Qf8 20. f4 Re7 21. Nf3 Ne8 22. fxe5 dxe5 23. Nh4 Nd6 24. Nb1 f6
25. Nd2 Rf7 {Lodhi,M-Holm,M/London Lloyds 1994/1-0 (64)}) 11... O-O 12. Ne1 Na6
13. Qc3 (13. Nd3 Nc5 14. Nxc5 dxc5 $11) 13... Nc5 14. b3 c6 15. Nc2 cxd5 $6 (
15... Bd7 16. a3 Rfc8) 16. exd5 Bf5 17. Rfe1 Qc7 (17... Rfc8 18. f4 $14) 18. h3
Bg6 19. Re3 Qb6 20. a3 Nh5 $2 {Shaked will be punished for his attempt to
build the counterplay, his pieces are severely loosing coordination. Shaked
wird bestraft fur sein Versuch um Gegenspiel, seine Krafte verlieren deutlich
am Koordination.} (20... Rfc8 $5 21. Rae1 (21. b4 axb4 22. axb4 Na4 23. Qb3
Bxc2 (23... Qa6 24. c5 (24. Bf1 Nxd5) 24... dxc5 25. bxc5 Bxc2 26. Qxc2 Rxc5
27. Qxc5 Nxc5 28. Rxa6 bxa6 29. Rxe5 $11) 24. Qxc2 Qxb4 25. Rb3 Qa5 26. Rxb7
Qc3 $11) 21... Qd8) 21. b4 $1 axb4 22. axb4 Rxa1+ (22... Na4 23. Qb3 Qa6 (23...
Bxc2 24. Qxc2 Qxb4 25. Rb3 Qa5 26. Rba3 Qb6 27. Nf1 $18) 24. Bf1 $16) 23. Nxa1
Nd7 (23... Na4 $5 24. Qa3 Ra8 25. Nab3 Qa6 26. Na5 Nb6 27. Re1 $14) 24. Nab3
Rc8 25. c5 $1 Qc7 (25... dxc5 26. Nxc5 Qc7 (26... Nxc5 27. Nb3 $1 $16) 27. Nde4
Bxe4 (27... Nxc5 28. bxc5 Bxe4 29. d6 Qxc5 30. d7 $18) 28. Nxe4 $16) 26. Nc4 $1
dxc5 27. bxc5 (27. d6 $2 cxb4 $1) 27... Nxc5 28. d6 Qd8 (28... Na4 29. Qb4 Qb8
30. Rxe5 $18) (28... Qb8 $2 29. Nb6 $18) 29. Nxc5 Rxc5 30. Qb4 b6 (30... Rxc4
31. Qxc4 Qxd6 32. Rxe5 $18) (30... Rc8 31. Bxb7 Rb8 32. Nxe5 $18) 31. Qxb6 Qxb6
(31... Rc8 32. Rxe5 Nf6 33. Qd4 $18) 32. Nxb6 Nf6 33. d7 Rc1+ 34. Kh2 Rd1 35.
Bc6 (35. Rxe5 Rxd7 (35... Kf8 36. Bd5 $18) 36. Nxd7 Nxd7 37. Re8+ Nf8 38. Bd5
$18) (35. Bc6 Bf5 36. Ra3 Nxd7 37. Nxd7 $18) 1-0

[Event "ISL-ISR"]
[Site "Reykjavik"]
[Date "1996.??.??"]
[Round "2"]
[White "Gretarsson, Helgi Ass"]
[Black "Kosashvili, Yona"]
[Result "1-0"]
[WhiteElo "2450"]
[BlackElo "2580"]
[Annotator "Ftacnik,L"]
[PlyCount "53"]
[EventDate "1996.04.??"]
[EventType "team"]
[EventRounds "2"]
[EventCountry "ISL"]
[SourceTitle "CBM 053"]
[Source "ChessBase"]
[SourceDate "1996.08.01"]
[SourceVersion "1"]
[SourceVersionDate "1996.08.01"]
[SourceQuality "1"]

1. d4 Nf6 2. c4 e6 3. Nf3 Bb4+ 4. Bd2 c5 5. a3 Bxd2+ 6. Qxd2 cxd4 7. Nxd4 O-O
8. Nc3 d5 9. e3 (9. cxd5 Nxd5 10. e3 (10. Nf3 Nxc3 {1/2-1/2 Wegner,H-Pedersen,
St/Gausdal AC (07)/1992/}) 10... Nxc3 11. Qxc3 Bd7 12. Be2 Nc6 13. Rd1 Qg5 14.
Nf3 Qe7 15. b4 a6 16. O-O Rfd8 17. Nd2 Na7 18. Qc7 Kf8 19. Qc2 Kg8 20. Qc7 Kf8
21. Qc2 Kg8 22. Qc7 {1/2-1/2 Oll,L-Kengis,E/Sydney Cepacol (08)/1991/}) 9... a6
(9... e5 $5 10. Nf3 e4 11. Nd4 dxc4 12. Bxc4 Qc7 13. Be2 (13. Ba2 Nc6 14. Nxc6
bxc6 15. Bc4 Qe5 16. Ne2 Rb8 17. Rb1 Rb6 18. Qc3 Qg5 19. O-O h5 20. Nf4 h4 21.
Rfd1 Nh5 22. Rd6 Nxf4 23. exf4 Qf5 24. Rbd1 c5 {1/2-1/2 Miles,A-Dizdarevic,E/
EU-chT Debrecen (06)/1992/ (44)}) 13... Qe5 (13... Rd8 14. Ncb5 Qb6 15. Qc2 a6
16. Qc7 Qxc7 17. Nxc7 Ra7 18. Rc1 Bd7 19. O-O Rc8 20. Rc3 Kf8 21. Rfc1 Bc6 22.
Nxa6 Nxa6 23. b4 Nd5 24. R3c2 Naxb4 25. axb4 Nxb4 {1/2-1/2 Boensch,U-Grosar,A/
Graz zt (08)/1993/ (36)}) 14. Ndb5 $1 Nc6 15. Qd6 Rd8 16. Qxe5 Nxe5 17. h3 $1
Be6 $1 18. Nc7 Rac8 19. Nxe6 fxe6 20. Rd1 Nd3+ 21. Bxd3 exd3 22. f3 Nd5 $1 23.
Kd2 $1 {Miles,A-Kortchnoi,V/Biel/1992/1-0 (59)}) (9... dxc4 10. Bxc4 a6 11. a4
Bd7 12. O-O Nc6 13. Nxc6 Bxc6 14. Qxd8 Rfxd8 15. Rfd1 Kf8 16. f3 Ke7 17. Kf2
Rdc8 18. b3 Nd7 19. e4 Ne5 20. Be2 Be8 21. Rdc1 Nc6 22. Ke3 Nb4 23. Bc4 Rc5 24.
Na2 Nxa2 25. Rxa2 {Gretarsson,H-Petursson,M/Reykjavik op (02)/1996/1/2-1/2 (99)
}) 10. cxd5 Nxd5 11. Bd3 (11. Be2 Nxc3 12. Qxc3 Bd7 13. O-O Nc6 14. Rfd1 Qe7
15. Nb3 Rfc8 16. Qc5 Be8 17. Rac1 Kf8 18. Bf3 Rab8 19. Rc3 Qxc5 20. Nxc5 Ke7
21. Rdc1 Rc7 22. Na4 Rcc8 23. Nb6 Rd8 {1/2-1/2 Oll,L-Horvath,J/Debrecen (04)/
1990/ (32)}) 11... Nxc3 12. Qxc3 b5 $6 (12... Bd7 13. O-O Nc6) 13. Be4 $1 Ra7
14. Rc1 e5 (14... f5 15. Bb1 e5 16. Nf3 $16) 15. Nf3 f6 16. Qc5 Re7 $8 (16...
Rd7 17. Bf5 $16) 17. O-O Nd7 (17... Bb7 $1 18. Bxb7 Rxb7 19. Rfd1 Rd7 20. Qc2
$14) 18. Qc2 g6 19. Rfd1 Kg7 (19... f5 20. Bc6 $16) 20. h4 Qe8 21. Qc7 f5 22.
Bc6 Kh6 (22... e4 23. Ne5 Nxe5 24. Bxe8 Rxc7 25. Rxc7+ $18) 23. a4 b4 (23...
bxa4 24. Bxa4 $16) 24. Qd6 b3 25. a5 (25. Nxe5 Rxe5 26. Bxd7 Bxd7 27. Qxd7 $16)
25... Qf7 $2 (25... e4 26. Nd4 $16) 26. Bxd7 Rxd7 27. Nxe5 (27. Nxe5 Rxd6 28.
Nxf7+ Rxf7 29. Rxd6 $18) 1-0

[Event "Abu Dhabi op 14th"]
[Site "Abu Dhabi"]
[Date "2004.08.22"]
[Round "8"]
[White "Gleizerov, Evgeny"]
[Black "Bocharov, Dmitry"]
[Result "0-1"]
[WhiteElo "2539"]
[BlackElo "2569"]
[Annotator "Ftacnik,L"]
[PlyCount "60"]
[EventDate "2004.08.14"]
[EventType "swiss"]
[EventRounds "9"]
[EventCountry "UAE"]
[SourceTitle "CBM 103"]
[Source "ChessBase"]
[SourceDate "2004.11.11"]
[SourceVersion "1"]
[SourceVersionDate "2004.11.11"]
[SourceQuality "1"]

1. d4 Nf6 2. c4 e6 3. g3 Bb4+ 4. Bd2 Qe7 5. Nf3 Nc6 6. Nc3 O-O 7. Bg2 d6 8. O-O
Bxc3 9. Bxc3 Ne4 10. Be1 f5 (10... a5 11. Qc2 (11. d5 Nd8 12. Nd4 f5 13. dxe6
Bxe6 14. Nxe6 Nxe6 15. Bxe4 fxe4 16. Qd5 e3 17. f3 Kh8 18. Bc3 Nc5 19. Rad1 b6
20. Rd4 {1-0 Neuman,P-Helis,T/Litomysl 1995/ (44)}) 11... f5 12. d5 Nd8 13. Nd4
Nc5 14. dxe6 g6 15. Bc3 Ndxe6 16. b3 (16. Nxe6 Bxe6 17. Qd2 h5 18. b3 a4 19.
Rab1 Kh7 20. Bd4 Rad8 21. Qe3 b6 {1/2-1/2 Psakhis,L-Campos Moreno,J/Andorra
1997/ (40)}) 16... Bd7 17. Nxe6 Bxe6 18. Bd4 c6 19. Rad1 Rad8 20. Be3 Rfe8 21.
Qd2 Qf7 22. Bxc5 dxc5 23. Qxa5 {1-0 Hansen,L-Preuss,F/Copenhagen 2004/ (41)}) (
10... e5 11. d5 (11. Nxe5 dxe5 12. d5 Nxg3 13. fxg3 Nd4 14. e3 Nf5 15. Qd3 g6
16. Bf2 Bd7 17. e4 Nh6 18. Kh1 Ng4 19. Bg1 h5 20. h3 Nh6 $16 {1/2-1/2 Yevseev,
D-Gasanov,E/Alushta 2001/ (39)}) 11... Nd8 12. Qc2 f5 13. Nh4 Ng5 14. f4 exf4
15. Rxf4 g6 16. Bc3 Ndf7 17. Raf1 Bd7 18. e4 Nh6 19. exf5 Qe3+ 20. Kh1 Nxf5 21.
Bd2 Qe7 22. Re1 Qd8 23. Nxf5 Rxf5 24. Bc3 {1-0 Malaniuk,V-Macieja,B/Koszalin
1997/ (34)}) 11. d5 Nd8 12. dxe6 {Black might be getting enough counterplay
with his pieces, but at least white bishops can entertain rosy medium term
prospects.} (12. Nd2 Nf6 13. Rc1 e5 14. Rc3 Nf7 {1/2-1/2 Almasi,Z-Hulak,K/Pula
2000/ (14)}) 12... Nxe6 13. Nd4 N6g5 (13... Qg5 14. e3 Bd7 $11) 14. e3 c5 15.
Ne2 (15. Nb5 Be6 16. b3 a6 17. Nc3 b5 18. cxb5 Nxc3 19. Bxc3 Ne4 20. Bxe4 fxe4
21. bxa6 Rxa6 $44) 15... Be6 (15... Bd7 16. Nf4 Bc6 17. Qd3 Nf7 $13) 16. b3 Bd7
(16... Rad8 17. Nf4 Rfe8 (17... d5 $2 18. cxd5 Bxd5 19. Nxd5 Qf7 20. f3 Rxd5
21. Qc1 Nf6 22. e4 $18) 18. Nd5 $14) 17. Nf4 Bc6 18. Nd5 Qf7 19. f3 Nf6 (19...
Bxd5 $2 20. cxd5 Nf6 21. h4 $16) 20. e4 {If white could make three move moves
Bc3, Qd2 and Rad1 he would be dominating the board.} (20. Nf4 Qe7 21. Qd3 Rae8
22. Bd2 b6 23. h4 (23. Rad1 Qb7 24. Qe2 $13) 23... Ne6 24. Nd5 $13) 20... fxe4
21. fxe4 (21. Nxf6+ Qxf6 22. fxe4 Qe5 $17) 21... Bxd5 (21... Qd7 22. Rxf6 $5
gxf6 23. Bc3 Qg7 24. Qd2 Rae8 25. Rf1 $13) 22. exd5 (22. cxd5 Qe7 23. Bc3 Ngxe4
24. Re1 Nxc3 25. Rxe7 Nxd1 26. Rxd1 Rf7 $15) 22... Qg6 23. Bd2 (23. Bc3 Nge4
24. Bb2 Rae8 25. Qd3 Qh5 $13) 23... Rae8 24. Bf4 Nh5 (24... Nf7 25. Bh3 Nh5 26.
Bd2 Ne5 27. Be6+ Kh8 28. Qe2 Qc2 $132) 25. Bxd6 $2 {[%mdl 64] Very good
position for tactical calculations, each move is connected with lots of blows
and counterblows. Unfortunatelly for white his king will become prey of black
pieces.} (25. Qg4 Nxf4 26. gxf4 Ne4 27. Qxg6 hxg6 28. Bh3 Nd2 29. Be6+ (29. Rf2
Ne4 $11) 29... Rxe6 30. dxe6 Nxf1 31. Rxf1 Rf6 32. Re1 Kf8 $11) (25. Bd2 Rxf1+
26. Qxf1 Ne4 $11) 25... Rxf1+ 26. Bxf1 (26. Qxf1 Qxd6 $19) 26... Re1 $1 27. Qg4
(27. Qxe1 Nf3+ $19) 27... Nf6 (27... Rxa1 28. Qc8+ Kf7 29. Qf8#) 28. Qc8+ Re8 (
28... Qe8 29. Qxe8+ Rxe8 30. Bxc5 $18) 29. Qc7 Qc2 30. g4 (30. Kh1 Ng4 31. Bg2
Nf2+ 32. Kg1 Ngh3+ $19) (30. Bg2 Re2 31. Qc8+ Kf7 32. Bh1 Qc3 $19) 30... Qc3
0-1

[Event "Biel"]
[Site "Biel"]
[Date "1994.??.??"]
[Round "4"]
[White "Cramling, Pia"]
[Black "Masserey, Yvan"]
[Result "1-0"]
[WhiteElo "2525"]
[BlackElo "2300"]
[Annotator "Ftacnik,L"]
[PlyCount "45"]
[EventDate "1994.07.??"]
[EventType "tourn"]
[EventRounds "11"]
[EventCountry "SUI"]
[EventCategory "10"]
[SourceTitle "CBM 043"]
[Source "ChessBase"]
[SourceDate "1994.12.01"]
[SourceVersion "1"]
[SourceVersionDate "1994.12.01"]
[SourceQuality "1"]

1. d4 Nf6 2. Nf3 e6 3. c4 Bb4+ 4. Nbd2 c5 5. a3 Bxd2+ 6. Bxd2 cxd4 7. Nxd4 Ne4
8. Be3 b6 (8... O-O 9. g3 b6 (9... d5 10. Bg2 f5 11. cxd5 Qxd5 12. O-O Nd7 13.
Qc2 Ndf6 14. Rfd1 Bd7 15. Nxf5 Qxf5 16. Bxe4 Nxe4 17. Rxd7 Nxg3 18. Qxf5 Nxf5
19. Bc5 Rfc8 20. Bb4 Rc2 21. Kf1 e5 22. Bc3 Nd4 23. Rd1 b5 24. R1xd4 $36 {
Langeweg,K-Hecht,HJ/Hengelo/1968/1-0 (27)}) 10. Bg2 Bb7 11. O-O Nd6 12. Bxb7
Nxb7 13. Qc2 Qc8 14. Rfd1 Nc6 15. Rac1 Ne5 16. h3 f6 17. b4 a5 18. Qb3 axb4 19.
axb4 Ra6 20. Nb5 Qc6 21. f4 Nf7 22. Qd3 Rd8 23. Nc3 Ra3 24. Qd4 $16 {Cebalo,
M-Djuric,S/Jugoslavija ch/1986/1-0 (33)}) 9. f3 Nc5 (9... Qh4+ $2 10. g3 Nxg3
11. Bf2 $18) (9... Nf6 10. Nb5 O-O 11. Nd6 $14) 10. Nb5 O-O 11. Bf4 a6 (11...
Nc6 12. Bd6 Qh4+ 13. g3 Qxc4 14. e4 $16) 12. Nc3 (12. Nc7 Ra7 13. Nxe6 dxe6 14.
Qxd8 Rxd8 15. Bxb8 Rad7 $132) (12. Nd6 Qf6 13. Bc1 (13. Qc1 $2 e5 $1) 13... Nb7
$13) 12... Nc6 13. e3 Nb7 (13... e5 14. Bg3 Bb7 15. Be2 $14 {xd5}) 14. Be2 d6
15. O-O e5 16. Bg3 Be6 17. b4 Ne7 18. e4 a5 19. Bf2 $16 {xNb7} axb4 20. axb4
Nc6 21. Nd5 $1 Rxa1 (21... Bxd5 $2 22. cxd5 Nxb4 (22... Rxa1 23. Qxa1 Nxb4 24.
Qb2 $18) 23. Qb3 $18) 22. Qxa1 b5 $2 (22... Bxd5 23. cxd5 Nd4 24. Bxd4 exd4 25.
Qxd4 $16) 23. Qa6 $1 (23. Qa6 Qd7 24. Qxc6 Qxc6 25. Ne7+ Kh8 26. Nxc6 $18) 1-0

[Event "Tilburg"]
[Site "Tilburg"]
[Date "1994.??.??"]
[Round "2"]
[White "Lputian, Smbat G"]
[Black "Olafsson, Helgi"]
[Result "1-0"]
[WhiteElo "2590"]
[BlackElo "2520"]
[Annotator "Ftacnik,L"]
[PlyCount "111"]
[EventDate "1994.09.??"]
[EventType "k.o."]
[EventRounds "7"]
[EventCountry "NED"]
[SourceTitle "CBM 044"]
[Source "ChessBase"]
[SourceDate "1995.02.01"]
[SourceVersion "1"]
[SourceVersionDate "1995.02.01"]
[SourceQuality "1"]

1. d4 Nf6 2. c4 e6 3. Nf3 Bb4+ 4. Nbd2 b6 5. a3 Bxd2+ 6. Bxd2 Bb7 7. Bg5 d6 8.
e3 Nbd7 9. Bh4 O-O 10. Be2 (10. Bd3) 10... c5 11. O-O Qe7 (11... Qc7 12. Rc1
$13) 12. Rc1 Rfd8 13. Re1 Rac8 $2 (13... d5 14. cxd5 Bxd5 15. Qa4 $14) 14. Bd3
Nf8 (14... cxd4 15. exd4 d5 16. cxd5 Bxd5 17. Ne5 $14) 15. d5 h6 (15... exd5 $6
16. Bf5 $1 $16) 16. dxe6 Nxe6 17. Qc2 $6 (17. Nd2 d5 18. Qc2 $14 d4 $6 19. Ne4
g5 20. Bg3 $16) 17... g5 (17... Bxf3 $1 18. gxf3 Ng5 19. Kg2 Qb7 $132) 18. Bg3
Ng7 19. e4 (19. Nd2 d5 $14) 19... Nfh5 20. Nd2 Ne6 (20... Nxg3 21. hxg3 Ne6 22.
Nf1 Nd4 23. Qd1 $14) 21. Nf1 Nhf4 22. f3 Nd4 23. Qc3 Qf6 (23... Qe5 $5) 24. Ne3
h5 25. Bf1 (25. Rcd1 $2 Nxg2 $1 26. Kxg2 Qxf3+ 27. Kg1 h4 28. Bf2 Re8 $40)
25... Qe5 (25... h4 26. Ng4 Qg7 27. Bf2 f5 28. exf5 Nxf5 29. g3 $14) 26. Rcd1
Re8 27. Rd2 h4 28. Ng4 Qg7 29. Bf2 f5 $6 30. Rxd4 $1 (30. exf5 Rxe1 31. Bxe1
Re8 $13) 30... fxg4 (30... cxd4 31. Bxd4 Qe7 32. Nh6+ Kh7 33. Nxf5 $16) 31.
Rxd6 Qxc3 32. bxc3 gxf3 33. gxf3 Rc7 34. Red1 Ree7 35. Be3 Rf7 36. Kf2 Kg7 37.
Bxf4 Rxf4 38. Rd7+ Rxd7 (38... Rf7 39. Rxc7 Rxc7 40. Ke3 $18) 39. Rxd7+ Rf7 40.
Rxf7+ Kxf7 41. Ke3 Kf6 42. f4 $1 g4 (42... gxf4+ 43. Kxf4 Ba6 44. e5+ Ke7 45.
Kg4 Ke6 46. Kxh4 Kxe5 47. Kg5 $18) 43. Bd3 Bc6 (43... Bc8 44. e5+ Ke6 45. Be4
Ba6 (45... Bd7 46. Bd5+ Kf5 47. Bb7 Kg6 48. Be4+ $18) 46. Bd5+ Kf5 47. e6 Kf6
48. f5 $18) (43... Ba6 44. Be2 Bc8 45. e5+ Kg6 46. Bd3+ Bf5 47. Be4 $18) 44.
Be2 (44. e5+ Ke6 45. Be4 $18) 44... Bd7 45. Bd1 Kg6 46. e5 Kf5 47. Bc2+ Ke6 48.
Bd1 Kf5 49. Bc2+ Ke6 50. Be4 Ba4 (50... Bc8 51. Bd5+ Kf5 52. Bc6 $18) 51. Bb7
Bb3 52. Bc8+ Kf7 53. Bxg4 Bxc4 54. f5 a5 55. Be2 Bd5 (55... Bxe2 56. Kxe2 b5
57. Kd3 $18) 56. Bb5 1-0

[Event "Belgrade GMA op"]
[Site "Belgrade"]
[Date "1988.??.??"]
[Round "?"]
[White "Ftacnik, Lubomir"]
[Black "Rashkovsky, Nukhim N"]
[Result "1/2-1/2"]
[WhiteElo "2590"]
[BlackElo "2500"]
[Annotator "Ftacnik,L"]
[PlyCount "26"]
[EventDate "1988.12.??"]
[EventType "swiss"]
[EventRounds "9"]
[EventCountry "YUG"]
[SourceTitle "TD"]
[Source "ChessBase"]
[SourceDate "1994.03.01"]
[SourceVersion "1"]
[SourceVersionDate "1994.03.01"]
[SourceQuality "1"]

1. d4 Nf6 2. c4 e6 3. Nf3 Bb4+ 4. Nbd2 d5 5. Qa4+ Nc6 6. Ne5 Bd7 7. Nxc6 Bxd2+
8. Bxd2 Bxc6 9. Qc2 O-O $1 (9... dxc4) 10. f3 Re8 $1 11. e3 e5 12. dxe5 Rxe5
13. cxd5 Nxd5 (13... Nxd5 14. O-O-O Qe7 15. e4 Nb4 16. Bxb4 Qxb4 $10) 1/2-1/2

[Event "Petrov Memorial op"]
[Site "St Petersburg"]
[Date "1996.??.??"]
[Round "9"]
[White "Zakharevich, Igor"]
[Black "Lugovoi, Aleksei"]
[Result "1-0"]
[WhiteElo "2435"]
[BlackElo "2470"]
[Annotator "Ftacnik,L"]
[PlyCount "95"]
[EventDate "1996.02.??"]
[EventType "swiss"]
[EventRounds "9"]
[EventCountry "RUS"]
[SourceTitle "CBM 052"]
[Source "ChessBase"]
[SourceDate "1996.06.01"]
[SourceVersion "1"]
[SourceVersionDate "1996.06.01"]
[SourceQuality "1"]

1. d4 Nf6 2. c4 e6 3. Nf3 Bb4+ 4. Bd2 Qe7 5. g3 Nc6 6. Nc3 Bxc3 7. Bxc3 Ne4 8.
Rc1 O-O 9. Bg2 d6 10. d5 Nxc3 11. Rxc3 Nd8 12. dxe6 Nxe6 13. O-O a5 14. Re1 (
14. Qc2 Bd7 15. Rd1 Bc6 16. Nd4 Nxd4 17. Rxd4 Bxg2 18. Kxg2 Rfe8 19. e3 b6 20.
a4 Qe5 21. Rb3 Qf6 22. Rb5 Qg6 23. Qxg6 hxg6 {1/2-1/2 Tunik,G-Lugovoi,A/
Novgorod op (02)/1995 (58)}) (14. Qd2 a4 15. Rd1 Bd7 16. Re3 Qf6 17. Nd4 Nc5
18. b4 axb3 19. axb3 Rab8 20. Nb5 Ne6 21. Nc3 Bc6 22. Nd5 Qd8 23. Rc1 Re8 24.
b4 Ra8 25. Qb2 Qb8 26. h4 {1-0 Stohl,I-Kraut,R/Berlin op (08)/1988/ (44)})
14... Bd7 15. e4 Bc6 16. Rce3 (16. Re2 Rad8 17. Ne1 Rfe8 18. Nc2 Qf6 19. Ne3
Nc5 20. f3 b6 21. Rc1 h5 22. h4 g6 23. b3 Qe5 24. Kh2 {1-0 Kharitonov,A-Ulibin,
M/Leeuwarden op (07)/1995/ (64)}) 16... a4 (16... Rfe8 17. Nd2 Qf6 18. Qc1 a4
19. h4 h6 20. Nb1 Qd4 21. Rd1 Qc5 22. Qc3 f5 23. exf5 Qxf5 24. Rde1 Bxg2 25.
Kxg2 Qf7 26. Na3 Nc5 27. Nb5 {1/2-1/2 Epishin,V-Ivanchuk,V (02)/Tilburg (04)/
1993/ (63)}) 17. Qd2 Qf6 18. e5 {Opens the game in the moment, when white
pieces are better coordinated.} dxe5 (18... Qe7 19. Rd3 $14) 19. Nxe5 Rfd8 (
19... Bxg2 20. Nd7 (20. Kxg2 Rfd8 21. Qb4 Nd4 $1 22. Qxb7 Nc2) 20... Qd8 21.
Kxg2 Re8 22. Rd3 $14) 20. Bd5 Bxd5 (20... Ng5 21. f4 Bxd5 22. cxd5 Nh3+ 23. Kg2
Qf5 24. Qd3 $16) 21. cxd5 c6 (21... Ra6 22. Rf3 Qg5 23. Qb4 Rxd5 24. Qxb7 $16)
22. d6 Qh6 $6 (22... Nc5 23. d7 Qe6 24. Nxc6 $1 Qxc6 25. Re8+ Rxe8 26. Rxe8+
Rxe8 27. d8=Q $18) (22... Nf8 23. Rd3 $16) 23. Nxf7 $1 Kxf7 24. Rf3+ Kg8 25.
Qxh6 gxh6 26. Rxe6 Ra5 (26... Rd7 27. Rxh6 Rad8 28. Rff6 $18) 27. Rd3 (27. Rxh6
Rd5 28. Rff6 Rd2 $132) 27... Rd7 (27... Kg7 28. d7 Rf5 29. Re8 Rf8 30. Rxd8
Rxd8 31. f4 $18) 28. Rxh6 Re5 29. Rd2 b5 (29... Kg7 30. Rh4) 30. f4 Re4 31. f5
Re1+ (31... Kg7 32. Re6 $18) 32. Kf2 Rh1 33. g4 b4 34. Re2 Kf8 (34... Kg7 35.
g5 $18) 35. Kg3 (35. Re1 Rxe1 36. Kxe1 $18) 35... Rd1 36. Rf6+ Kg7 37. Re7+
Kxf6 (37... Rxe7 38. dxe7 Re1 39. Re6 $18) 38. Rxd7 {Black's counterplay in
this rook endgame is clearly inadequate.} Rd3+ (38... Ke5 39. Rxh7 Kxd6 40. h4
$18) 39. Kf4 Rd4+ 40. Kf3 h5 (40... Rd3+ 41. Ke4 Rd2 42. Rxh7 $18) 41. h3 Ke5 (
41... hxg4+ 42. hxg4 Ke5 43. Re7+ Kxd6 44. Re6+ $18) 42. Re7+ Kxd6 43. Re6+ Kd5
44. g5 Rd1 45. Kf2 Rd2+ 46. Re2 Rd4 (46... Rxe2+ 47. Kxe2 Ke5 48. f6 Ke6 49.
Kd3 $18) 47. g6 Rf4+ 48. Kg1 (48. Kg1 Rxf5 49. g7 Rg5+ 50. Rg2 $18) 1-0